000 00275nam a2200121Ia 4500
008 190216s9999||||xx |||||||||||||| ||und||
100 _aRijvan Yejaji
245 0 _aHindi-Annadhadha Ki Mouth
260 _bParik Books
_c2009
300 _a265
650 _aHindi
942 _cBK
999 _c16903
_d16903